00646 a2200193 4500003000400000005001700004008004100021020001800062040000900080082001800089100002700107245005900134250001200193260004900205300000900254942004200263952013000305999001700435OSt20240130131940.0240130b |||||||| |||| 00| 0 eng d a9788182719477 coclc a297.09bKOD/H aKodinhi, Jumail910340 aHijra Charithrathilum Jeevithathilum /cJumail Kodinhi a1st ed. aKozhikode:bIslamic Publishing House,c2018. a96p. 2ddccBKh297.09iKOD/Hk297.09mKOD/H 00102ddc40708ISLAMaMESbMEScISLd2024-01-30l0o297.09 KOD/Hp45039r2024-01-30 13:20:32v85.00w2024-01-30yBKzGL49R3 c43377d43377